000
00294nam a22001337a 4500
008
170929b xxu||||| |||| 00| 0 eng d
020
_a
9780844250502
041
_a
eng
080
_2
2ND
_a
37
100
_a
47
101
_a
EDU
245
_a
THE BASICS OF SPEECH
_c
GALVIN,K.M
942
_2
udc
_c
BK
999
_c
30894
_d
30894